[Event "74th Noteboom Open 2014"]
[Site "Leiden NED"]
[Date "2014.03.01"]
[Round "4.17"]
[White "Van der Marel, Bert"]
[Black "Hachijan, Armen"]
[Result "1-0"]
[WhiteElo "2153"]
[BlackElo "2245"]
[WhiteFideId "1005855"]
[BlackFideId "1028081"]
[EventDate "2014.02.28"]

1. d4 d6 2. c4 g6 3. Nc3 Bg7 4. e4 Nf6 5. Nge2 O-O 6. Ng3 e5 7. d5 a5 8. Be2 Na6
9. Bg5 c6 10. Qd2 cxd5 11. cxd5 Nc5 12. O-O a4 13. f3 Bd7 14. Rfc1 Qa5 15. Nd1
Qa7 16. Be3 Rfc8 17. Nf2 Be8 18. Rc3 Nfd7 19. Rac1 Bf6 20. Bg5 Bg7 21. Kh1 Qa5
22. Ng4 b5 23. Bh6 b4 24. Bxg7 Kxg7 25. Qh6+ Kg8 26. Rc4 b3 27. a3 Qd8 28. R4c3
Nf6 29. Ne3 Bd7 30. Nc4 Nb7 31. f4 Bb5 32. fxe5 dxe5 33. Nxe5 Rxc3 34. Rxc3 Bxe2
35. Nc6 Qf8 36. Qh4 Qg7 37. Ne7+ Kh8 38. Nxe2 g5 39. Qh3 Nxe4 40. Qc8+ Qf8 41.
Qxb7 Nxc3 42. Nxc3 Rb8 43. Qc7 f6 44. d6 Rd8 45. Ncd5 Re8 46. d7 Ra8 47. Nc8 1-0

[Event "74th Noteboom Open 2014"]
[Site "Leiden NED"]
[Date "2014.03.01"]
[Round "4.20"]
[White "Gevers, Ernst"]
[Black "Blom, Martijn"]
[Result "0-1"]
[WhiteElo "2089"]
[BlackElo "2044"]
[WhiteFideId "1008129"]
[BlackFideId "1005952"]
[EventDate "2014.02.28"]

1. e4 e6 2. a3 d5 3. e5 c5 4. b4 b6 5. Nf3 Ba6 6. b5 Bb7 7. a4 Nd7 8. d4 cxd4 9.
Ba3 Bc5 10. Bd3 Ne7 11. h4 Qc7 12. Qe2 Ng6 13. Bxg6 hxg6 14. g4 a6 15. Bb2 Bb4+
16. Kf1 Bc3 17. Nxc3 dxc3 18. Ba3 axb5 19. axb5 Ra4 20. Rg1 Qc8 21. Qd3 d4 22.
h5 Bxf3 23. Qxf3 Nxe5 24. Qe4 Nc4 25. Ke2 Nxa3 26. hxg6 f6 27. Rh1 Rxh1 28. Rxh1
d3+ 29. Qxd3 Qc4 30. Rh8+ Ke7 31. Rg8 Qxd3+ 32. Kxd3 Rxg4 33. Rxg7+ Kd6 34. Rb7
Kc5 35. g7 Nxb5 0-1

[Event "74th Noteboom Open 2014"]
[Site "Leiden NED"]
[Date "2014.03.01"]
[Round "4.21"]
[White "Schelvis, Richard"]
[Black "Warmerdam, Max"]
[Result "0-1"]
[WhiteElo "1965"]
[BlackElo "2166"]
[WhiteFideId "1039261"]
[BlackFideId "1048104"]
[EventDate "2014.02.28"]

1. d4 Nf6 2. c4 g6 3. Nf3 Bg7 4. g3 O-O 5. Bg2 d6 6. O-O c6 7. Nc3 Nbd7 8. Qb3
Qc7 9. Rd1 Re8 10. Ng5 e5 11. dxe5 dxe5 12. Nge4 Bf8 13. Bg5 Nxe4 14. Nxe4 Kg7
15. Qe3 Re6 16. Bh6+ Kg8 17. Bxf8 Nxf8 18. c5 Nd7 19. Rd6 Rxd6 20. Nxd6 b6 21.
Rd1 Nxc5 22. Ne8 Qe7 23. Qh6 Qxe8 24. Bxc6 Bd7 25. Bxa8 Qxa8 26. Qg5 Qe8 27. h4
Ne4 28. Qe3 Nf6 29. Rd6 Kg7 30. Qd2 Ne4 0-1

[Event "74th Noteboom Open 2014"]
[Site "Leiden NED"]
[Date "2014.03.01"]
[Round "4.24"]
[White "Duijker, Rick"]
[Black "Peiter, Andre"]
[Result "1-0"]
[WhiteTitle "FM"]
[WhiteElo "2254"]
[BlackElo "2076"]
[WhiteFideId "1010565"]
[BlackFideId "4635701"]
[EventDate "2014.02.28"]

1. d4 Nf6 2. Bg5 Ne4 3. Bf4 d6 4. f3 Nf6 5. e4 g6 6. Nc3 Bg7 7. Qd2 Nbd7 8.
O-O-O c5 9. dxc5 Nxc5 10. e5 Nfd7 11. exd6 e6 12. b4 Na6 13. a3 Qf6 14. Nge2 h6
15. Be3 g5 16. Bd4 Qg6 17. Bxg7 Qxg7 18. Qd4 O-O 19. h4 Nab8 20. hxg5 hxg5 21.
Ne4 f6 22. N2g3 Nc6 23. Qb2 Nce5 24. Nh5 Qg6 25. Bd3 Nxd3+ 26. Rxd3 b6 27. Rc3
Bb7 28. Rc7 Bxe4 29. Rxd7 Bd5 30. Rg7+ Qxg7 31. Nxg7 Kxg7 32. Qc3 Rac8 33. Qd3
f5 34. Qa6 1-0

[Event "74th Noteboom Open 2014"]
[Site "Leiden NED"]
[Date "2014.03.01"]
[Round "4.27"]
[White "Kevlishvili, Robby"]
[Black "Heemskerk, Wim"]
[Result "0-1"]
[BlackTitle "FM"]
[WhiteElo "2139"]
[BlackElo "2267"]
[WhiteFideId "1040634"]
[BlackFideId "1001000"]
[EventDate "2014.02.28"]

1. e4 e6 2. d4 d5 3. Nd2 Be7 4. Ngf3 Nf6 5. e5 Nfd7 6. Bd3 c5 7. c3 b6 8. h4 Ba6
9. Bxa6 Nxa6 10. g3 Qc7 11. Qe2 Qb7 12. O-O Nc7 13. b3 Qa6 14. Qe3 Rc8 15. Bb2
O-O 16. Rfc1 f6 17. exf6 Bxf6 18. Ne5 Nxe5 19. dxe5 Be7 20. Rf1 Rcd8 21. c4 Rd7
22. cxd5 Nxd5 23. Qe4 Nb4 24. Nc4 Nd3 25. Qc6 Qb7 26. Qxe6+ Kh8 27. Rad1 Nxf2 0-1

[Event "74th Noteboom Open 2014"]
[Site "Leiden NED"]
[Date "2014.03.02"]
[Round "5.2"]
[White "Van Ketel, Raoul"]
[Black "Rausis, Igors"]
[Result "0-1"]
[WhiteTitle "FM"]
[BlackTitle "GM"]
[WhiteElo "2254"]
[BlackElo "2557"]
[WhiteFideId "1004883"]
[BlackFideId "11600098"]
[EventDate "2014.02.28"]

1. d4 Nf6 2. c4 e6 3. Nc3 Bb4 4. f3 c5 5. d5 b5 6. e4 O-O 7. Ne2 bxc4 8. a3 Ba5
9. Nf4 Ba6 10. Kf2 e5 11. Nfe2 d6 12. g4 Nbd7 13. Qc2 Rb8 14. Ng3 Bxc3 15. Qxc3
Rb3 16. Qc2 Qa5 17. Bxc4 Bxc4 18. Qxc4 Rfb8 19. Rd1 Nf8 20. Rd3 R3b7 21. Nf5 Ne8
22. b3 Ng6 23. Bd2 Qd8 24. Re1 Ne7 25. Ng3 Nc7 26. Bg5 Nb5 27. Qc1 Nd4 28. Nh5
Rxb3 29. Rxd4 cxd4 30. Bf6 d3 31. Kg3 Qa5 32. Rd1 d2 33. Rxd2 Rb1 34. Qc2 gxf6
35. Nxf6+ Kh8 0-1

[Event "74th Noteboom Open 2014"]
[Site "Leiden NED"]
[Date "2014.03.02"]
[Round "5.3"]
[White "Meissner, Felix"]
[Black "Beeke, Bob"]
[Result "1/2-1/2"]
[WhiteElo "2296"]
[BlackElo "2254"]
[WhiteFideId "24671827"]
[BlackFideId "1011634"]
[EventDate "2014.02.28"]

1. e4 e5 2. Nf3 Nc6 3. Bc4 Bc5 4. c3 Nf6 5. d3 d6 6. Bb3 O-O 7. O-O Bb6 8. Nbd2
Ne7 9. Re1 Ng6 10. Nf1 Be6 11. Ng3 Qd7 12. a4 a5 13. Be3 Bxe3 14. fxe3 Ra6 15.
Ng5 Bxb3 16. Qxb3 Rb6 17. Qc2 Qg4 18. Nf3 Qe6 19. Re2 Ne7 20. Nd2 h5 21. Nc4 Ra6
22. Rf1 g6 23. Ref2 Ng4 24. Rf3 h4 25. Nh1 f5 26. h3 Nh6 27. Qf2 Qf6 28. exf5
gxf5 29. e4 f4 30. d4 Nf7 31. dxe5 dxe5 32. Rd3 Nc8 33. Qe2 Ncd6 34. Nxd6 Rxd6
35. Nf2 Rxd3 36. Qxd3 Kg7 37. Qb5 b6 38. Qd7 c5 39. Ng4 Qd6 40. Rd1 Qxd7 41.
Rxd7 Re8 42. Nh2 Kf6 43. Nf3 Re6 44. Rb7 Nd6 45. Rxb6 Nxe4 46. Rxe6+ Kxe6 47.
Nxh4 c4 48. Nf3 Nc5 49. Nd2 Kd5 50. h4 e4 51. h5 e3 52. Nf3 Ke6 53. Nd4+ Kf6 54.
Nc6 Nxa4 55. Nxa5 Nxb2 56. Kf1 Kg5 57. Ke2 Kxh5 58. Kf3 Kh4 59. Nc6 Nd1 60. Ne5
Nxc3 61. Ng6+ Kg5 62. Nxf4 Nd1 63. Nd5 c3 64. Nxc3 1/2-1/2

[Event "74th Noteboom Open 2014"]
[Site "Leiden NED"]
[Date "2014.03.02"]
[Round "5.4"]
[White "Miedema, David"]
[Black "Andersson, Ulf"]
[Result "1/2-1/2"]
[WhiteTitle "IM"]
[BlackTitle "GM"]
[WhiteElo "2389"]
[BlackElo "2544"]
[WhiteFideId "1018477"]
[BlackFideId "1700014"]
[EventDate "2014.02.28"]

1. d4 Nf6 2. c4 e6 3. Nc3 Bb4 4. e3 c5 5. Ne2 cxd4 6. exd4 O-O 7. a3 Be7 8. Nf4
d5 9. cxd5 Nxd5 10. Ncxd5 exd5 11. Bd3 Nc6 12. Be3 Bf6 13. O-O g6 14. Rc1 Bg7
15. Rc5 Ne7 16. Qf3 b6 17. Rc3 Bb7 18. h4 h6 19. Bb1 Rc8 20. Rfc1 Qd7 21. Ba2
Rxc3 22. Rxc3 Rd8 23. h5 g5 24. Ne2 Rc8 25. Rxc8+ Qxc8 26. Nc3 Qd8 27. g4 Qd6
28. Kg2 Bc6 29. Qd1 Qe6 30. Qf3 Qd6 31. Qe2 Qe6 32. f3 f5 33. Bg1 Qxe2+ 34. Nxe2
f4 35. Nc3 Kf7 36. Kf1 Ke6 37. Ke2 Nc8 38. Bb1 Nd6 39. b3 Nb5 40. Nxb5 Bxb5+ 41.
Bd3 Bxd3+ 42. Kxd3 Bf8 43. b4 Kd7 44. Kc3 Kc6 45. Kb3 a6 46. a4 b5 47. a5 Kd7
48. Bf2 Ke6 49. Be1 Bd6 50. Bc3 Kf7 51. Kc2 Ke6 52. Kb3 Kf7 53. Kc2 Ke6 54. Kb3
Kf7 1/2-1/2

[Event "74th Noteboom Open 2014"]
[Site "Leiden NED"]
[Date "2014.03.02"]
[Round "5.28"]
[White "Bakker, Martijn"]
[Black "Stewart, Neil"]
[Result "1-0"]
[BlackTitle "FM"]
[WhiteElo "1839"]
[BlackElo "2263"]
[WhiteFideId "1049348"]
[BlackFideId "4636988"]
[EventDate "2014.02.28"]

1. e4 c6 2. d4 d5 3. f3 dxe4 4. fxe4 e5 5. Nf3 Bg4 6. Bc4 Nd7 7. O-O Ngf6 8. c3
Bd6 9. Qb3 O-O 10. Bg5 Qc7 11. Nbd2 b5 12. Bd3 a6 13. Qc2 h6 14. dxe5 Bxe5 15.
Nxe5 hxg5 16. Nxd7 Qxd7 17. Nf3 Bxf3 18. Rxf3 g4 19. Rf5 Rfd8 20. e5 Nd5 21. Rh5
Nf4 22. Bh7+ Kf8 23. Rf5 Qa7+ 24. Kh1 Qe3 25. Rf1 g5 26. Qb3 Ra7 27. Rxg5 Qe2
28. Rg8+ Ke7 29. Qb4+ 1-0

[Event "74th Noteboom Open 2014"]
[Site "Leiden NED"]
[Date "2014.03.02"]
[Round "6.2"]
[White "Ikonnikov, Vyacheslav"]
[Black "Kipper, Jens"]
[Result "1-0"]
[WhiteTitle "GM"]
[WhiteElo "2580"]
[BlackElo "2389"]
[WhiteFideId "4100972"]
[BlackFideId "4632796"]
[EventDate "2014.02.28"]

1. d4 e6 2. c4 Nf6 3. Nc3 Bb4 4. e3 O-O 5. Ne2 Re8 6. a3 Bf8 7. d5 d6 8. g3 exd5
9. cxd5 a5 10. Bg2 Na6 11. O-O Nc5 12. b3 Bd7 13. Nd4 Qc8 14. Bb2 Bh3 15. Rc1
Bxg2 16. Kxg2 Qd7 17. b4 axb4 18. axb4 Na6 19. Qb3 c5 20. bxc5 dxc5 21. Ndb5 Nb4
22. Rcd1 Ng4 23. e4 Ra5 24. d6 Re6 25. Ba3 Rh6 26. h4 Ne5 27. Bxb4 Rxh4 28. Rh1
Rxh1 29. Rxh1 cxb4 30. Qxb4 Ra6 31. Qd4 Nc6 32. Qc5 Ra8 33. Rd1 Rd8 34. f4 Qe6
35. Qd5 Qg6 36. e5 h5 37. Qe4 Qe6 38. Qd5 Qg6 39. Qd3 Qe6 40. Nc7 Qg4 41. Ne4
Nb4 42. Qf3 Qg6 43. f5 Qh6 44. e6 Nc2 45. e7 Ne3+ 46. Kh3 1-0

[Event "74th Noteboom Open 2014"]
[Site "Leiden NED"]
[Date "2014.03.02"]
[Round "6.4"]
[White "Beeke, Bob"]
[Black "Ratsma, Midas"]
[Result "1-0"]
[WhiteElo "2254"]
[BlackElo "2130"]
[WhiteFideId "1011634"]
[BlackFideId "1032283"]
[EventDate "2014.02.28"]

1. Nf3 Nf6 2. c4 c6 3. d4 d5 4. Nbd2 g6 5. g3 Bg7 6. Bg2 a6 7. O-O O-O 8. b3
Nbd7 9. Bb2 b5 10. Rc1 bxc4 11. bxc4 Rb8 12. Ba1 Re8 13. h3 a5 14. Re1 Ne4 15.
Nxe4 dxe4 16. Ng5 e3 17. f4 h6 18. Nf3 Ba6 19. Qd3 Qb6 20. Ne5 Nxe5 21. fxe5 Qb4
22. Bxc6 Rec8 23. a3 Qd2 24. d5 e6 25. Red1 Qa2 26. Rc2 Qb3 27. Rc3 Qb6 28. Rcc1
exd5 29. Bxd5 Bb7 30. Rb1 Qc7 31. Qxe3 Re8 32. Qb6 Qxb6+ 33. Rxb6 Ba8 34. Rxb8
Rxb8 35. Kf2 Re8 36. e4 Bxd5 37. exd5 Bf8 38. d6 1-0